[Event "18th EUR-ch (w)"]
[Site "Riga LAT"]
[Date "2017.04.13"]
[Round "3.2"]
[White "Papp, Petra"]
[Black "Dzagnidze, Nana"]
[Result "0-1"]
[WhiteElo "2378"]
[BlackElo "2528"]
[EventDate "2017.04.11"]
[PlyCount "90"]

1.e4 e6 2.d4 d5 3.Nc3 Bb4 4.e5 c5 5.a3 Bxc3+ 6.bxc3 Qa5 7.Bd2 Qa4 8.Qg4 
Kf8 9.Nf3 Ne7 10.h3 Qxc2 11.Rc1 Qa4 12.Bd3 h6 13.dxc5 Qxg4 14.hxg4 Nd7 15.
Be3 b6 16.cxb6 axb6 17.Ra1 Ba6 18.Bc2 Nc6 19.Rh5 Ke7 20.Rb1 Na5 21.a4 Nc4 
22.Bc1 f6 23.Nh4 Ncxe5 24.Ng6+ Nxg6 25.Bxg6 Ne5 26.Ba3+ Kd7 27.Bc2 Bd3 28.
Bxd3 Nxd3+ 29.Kd2 Nxf2 30.Rxb6 Ne4+ 31.Kd3 Rxa4 32.Bb4 Rc8 33.Rb7+ Rc7 34.
Rxc7+ Kxc7 35.Bf8 Rc4 36.Bxg7 Rxc3+ 37.Kd4 Kd6 38.Bxf6 Rc4+ 39.Kd3 Nxf6 
40.Rxh6 Nxg4 41.Rh8 Ne5+ 42.Ke3 Re4+ 43.Kf2 d4 44.Rd8+ Kc5 45.Re8 d3 0-1

[Event "18th EUR-ch (w)"]
[Site "Riga LAT"]
[Date "2017.04.13"]
[Round "3.3"]
[White "Arakhamia-Grant, Ketevan"]
[Black "Pahtz, Elisabeth"]
[Result "1/2-1/2"]
[WhiteElo "2374"]
[BlackElo "2454"]
[EventDate "2017.04.11"]
[PlyCount "126"]

1.e4 d6 2.d4 Nf6 3.Nc3 e5 4.Nf3 Nbd7 5.Bc4 Be7 6.O-O O-O 7.a4 a5 8.Re1 c6 
9.Ba2 Re8 10.Ng5 Rf8 11.Nf3 Re8 12.h3 h6 13.Be3 Qc7 14.Nh4 Nf8 15.Qf3 Ne6 
16.dxe5 dxe5 17.Nf5 Ng5 18.Bxg5 hxg5 19.Ne2 Rf8 20.Neg3 g6 21.Nxe7+ Qxe7 
22.Qe3 Ne8 23.Rad1 Nc7 24.Qc3 Re8 25.Nf1 Qb4 26.Qg3 Qe7 27.Nd2 Kg7 28.Nc4 
Na6 29.Nd6 Rf8 30.Qc3 Nb4 31.Bb3 g4 32.Nxc8 Raxc8 33.hxg4 Rh8 34.f4 Na6 
35.Qxe5+ Qxe5 36.fxe5 Nc5 37.Bc4 Rce8 38.e6 fxe6 39.e5 Kh6 40.b3 Kg5 41.
Rd4 Rhf8 42.Be2 Rd8 43.Rc4 Na6 44.Bf3 Rd2 45.Rf1 Nb4 46.Be4 Rxf1+ 47.Kxf1 
Rd8 48.Ke2 Nd5 49.g3 Nb6 50.Rc3 Kxg4 51.Bxg6 Rd5 52.Re3 Nd7 53.Bf7 Nc5 54.
c4 Rd8 55.Bg6 Rh8 56.Kd2 Rh3 57.Kc3 Rxg3 58.Rxg3+ Kxg3 59.b4 axb4+ 60.Kxb4
b6 61.a5 Na6+ 62.Ka4 Nc5+ 63.Kb4 Na6+ 1/2-1/2

[Event "18th EUR-ch (w)"]
[Site "Riga LAT"]
[Date "2017.04.13"]
[Round "3.4"]
[White "Brunello, Marina"]
[Black "Galliamova, Alisa"]
[Result "1/2-1/2"]
[WhiteElo "2354"]
[BlackElo "2444"]
[EventDate "2017.04.11"]
[PlyCount "66"]

1.e4 e5 2.Nf3 Nc6 3.Bc4 Bc5 4.c3 Nf6 5.d3 a6 6.Bb3 Ba7 7.Nbd2 d5 8.exd5 
Nxd5 9.Ne4 O-O 10.O-O Bg4 11.Re1 f6 12.Ng3 Qd7 13.Qe2 Rfe8 14.Qe4 Be6 15.
Bd2 Rad8 16.Rad1 Kh8 17.Qh4 Nde7 18.Bc2 Ng6 19.Qa4 Bg4 20.Bc1 f5 21.Bg5 
Bxf3 22.gxf3 f4 23.Bxd8 Rxd8 24.Qe4 fxg3 25.hxg3 Qh3 26.d4 Rf8 27.Qd5 exd4
28.Bxg6 dxc3 29.Qf7 Qxg3+ 30.Kh1 Qh3+ 31.Kg1 Qg3+ 32.Kh1 Qh3+ 33.Kg1 Qg3+ 
1/2-1/2

[Event "18th EUR-ch (w)"]
[Site "Riga LAT"]
[Date "2017.04.13"]
[Round "3.5"]
[White "Mamedyarova, Zeinab"]
[Black "Zhukova, Natalia"]
[Result "1/2-1/2"]
[WhiteElo "2322"]
[BlackElo "2438"]
[EventDate "2017.04.11"]
[PlyCount "36"]

1.d4 Nf6 2.Nf3 d5 3.e3 c5 4.b3 e6 5.Bd3 b6 6.O-O Bd6 7.Bb2 O-O 8.Nbd2 Bb7 
9.Qe2 Nc6 10.a3 Rc8 11.Ne5 Ne7 12.Rad1 Qc7 13.f4 cxd4 14.exd4 Ne4 15.Qg4 
f5 16.Qh3 Rf6 17.Qe3 b5 18.Ra1 a6 1/2-1/2

[Event "18th EUR-ch (w)"]
[Site "Riga LAT"]
[Date "2017.04.13"]
[Round "3.7"]
[White "Muzychuk, Anna"]
[Black "Badelka, Olga"]
[Result "1-0"]
[WhiteElo "2587"]
[BlackElo "2362"]
[EventDate "2017.04.11"]
[PlyCount "143"]

1.e4 c5 2.Nf3 Nc6 3.d4 cxd4 4.Nxd4 e5 5.Nb5 d6 6.N1c3 a6 7.Na3 Be7 8.Nc4 
b5 9.Ne3 Nf6 10.Bd3 O-O 11.O-O Rb8 12.Ncd5 Nxd5 13.exd5 Nb4 14.Be2 a5 15.
a4 bxa4 16.Rxa4 Ra8 17.Bd2 Bd7 18.Ra3 Qb8 19.c3 Na6 20.Rxa5 Nc5 21.Rxa8 
Qxa8 22.b4 Ne4 23.Be1 f5 24.Bd3 Bg5 25.Qe2 Nf6 26.Bxf5 Bxe3 27.Bxd7 Nxd7 
28.Qxe3 Qxd5 29.Qd2 Qe6 30.f3 Nb6 31.Bf2 Nc4 32.Qa2 d5 33.Rd1 Rc8 34.Bc5 
h6 35.Ra1 e4 36.fxe4 dxe4 37.Qe2 Rd8 38.Bd4 Nd6 39.Ra7 Rd7 40.Rxd7 Qxd7 
41.Bc5 Nb5 42.h3 Nxc3 43.Qc4+ Nd5 44.Qxe4 Nc7 45.Qe7 Qxe7 46.Bxe7 Kf7 47.
Bc5 Ke6 48.Bf8 Kf7 49.Bd6 Nb5 50.Be5 g6 51.Kf2 Ke6 52.Bg7 h5 53.Ke3 Kd5 
54.Kf4 Ke6 55.Be5 Na7 56.Ke4 Nc6 57.Bc3 Na7 58.h4 Nb5 59.Be5 Na7 60.g3 Nc6
61.Bc3 Na7 62.Bd2 Nc6 63.b5 Na7 64.b6 Nc8 65.Be3 Nd6+ 66.Kd4 Nb7 67.Bf4 
Ke7 68.Ke5 Nd6 69.Kd5 Nb7 70.Kc6 Nd8+ 71.Kc7 Ne6+ 72.Kc8 1-0

[Event "18th EUR-ch (w)"]
[Site "Riga LAT"]
[Date "2017.04.13"]
[Round "3.9"]
[White "Stefanova, Antoaneta"]
[Black "Gara, Anita"]
[Result "1/2-1/2"]
[WhiteElo "2527"]
[BlackElo "2354"]
[EventDate "2017.04.11"]
[PlyCount "97"]

1.d4 Nf6 2.c4 g6 3.Nf3 Bg7 4.g3 O-O 5.Bg2 c6 6.O-O d5 7.Nbd2 Bf5 8.Re1 
Nbd7 9.b3 Ne4 10.Bb2 Qa5 11.a3 Rfe8 12.e3 Rac8 13.b4 Qd8 14.Qb3 Nb6 15.c5 
Nd7 16.Rad1 Nxd2 17.Nxd2 e5 18.e4 dxe4 19.Nxe4 Bxe4 20.Rxe4 exd4 21.Rf4 
Qe7 22.Bxd4 Bxd4 23.Rfxd4 Nf6 24.Qd3 Kg7 25.Bf3 Qe5 26.Kg2 Rc7 27.Rd2 Qe1 
28.Qc3 Rce7 29.a4 a6 30.Qb2 Qe5 31.Qc2 h5 32.Qc4 Qg5 33.Qc3 Re1 34.h4 Qe5 
35.Qc4 Re7 36.Rd1 Rxd1 37.Rxd1 Rd7 38.Rxd7 Nxd7 39.g4 hxg4 40.Qxg4 Nf6 41.
Qg5 Qd4 42.h5 Nd7 43.hxg6 fxg6 44.Qe7+ Kh6 45.a5 Ne5 46.Qf8+ Kh7 47.Qe7+ 
Kh6 48.Qf8+ Kh7 49.Qe7+ 1/2-1/2

[Event "18th EUR-ch (w)"]
[Site "Riga LAT"]
[Date "2017.04.13"]
[Round "3.11"]
[White "Warakomska, Anna"]
[Black "Girya, Olga"]
[Result "0-1"]
[WhiteElo "2343"]
[BlackElo "2470"]
[EventDate "2017.04.11"]
[PlyCount "92"]

1.d4 d5 2.c4 c6 3.Nf3 Nf6 4.Qc2 dxc4 5.e4 b5 6.b3 cxb3 7.axb3 e6 8.Bd2 Bb7
9.Ba5 Qc8 10.Bd3 Be7 11.O-O Nbd7 12.b4 h6 13.Nbd2 O-O 14.Nb3 Re8 15.Qe2 
Bf8 16.e5 Nd5 17.Qe4 f5 18.exf6 N7xf6 19.Qh4 g5 20.Nxg5 hxg5 21.Qxg5+ Bg7 
22.h4 Re7 23.h5 Nh7 24.Qg3 Kh8 25.Rae1 Qb8 26.f4 Qg8 27.Bg6 Rf8 28.Qh2 Bh6
29.g3 Qg7 30.Qd2 Nhf6 31.Qe2 Nxh5 32.Qxh5 Nf6 33.Qh3 Qxg6 34.Nc5 Rh7 35.
Qg2 Bc8 36.Rf3 Nd5 37.Nd3 Bg7 38.Ne5 Bxe5 39.Rxe5 c5 40.bxc5 Bb7 41.Bd2 
Nf6 42.Rxe6 Qg4 43.Ree3 Bxf3 44.Rxf3 Qf5 45.Rb3 Qc2 46.Re3 Ng4 0-1

[Event "18th EUR-ch (w)"]
[Site "Riga LAT"]
[Date "2017.04.13"]
[Round "3.12"]
[White "Javakhishvili, Lela"]
[Black "Osmak, Yuliya"]
[Result "1/2-1/2"]
[WhiteElo "2456"]
[BlackElo "2348"]
[EventDate "2017.04.11"]
[PlyCount "62"]

1.d4 d5 2.Bf4 c5 3.e3 Nc6 4.Nf3 Nf6 5.Nbd2 Qb6 6.dxc5 Qxb2 7.Rb1 Qc3 8.Bb5
e6 9.Ne5 Bd7 10.Rb3 Qa5 11.c4 a6 12.Bxc6 Bxc6 13.Nxc6 bxc6 14.O-O Bxc5 15.
Be5 Qd8 16.cxd5 Qxd5 17.Bxf6 gxf6 18.Qc2 Rd8 19.e4 Qxd2 20.Qxc5 Qd6 21.Qc3
Ke7 22.Rb6 Rc8 23.Rxa6 Rhd8 24.Ra7+ Rd7 25.Rxd7+ Qxd7 26.e5 fxe5 27.Qxe5 
Qd5 28.Qb2 c5 29.a4 c4 30.Qb4+ Qd6 31.Qc3 Qd3 1/2-1/2

[Event "18th EUR-ch (w)"]
[Site "Riga LAT"]
[Date "2017.04.13"]
[Round "3.13"]
[White "Khomeriki, Nino"]
[Black "Goriachkina, Alexandra"]
[Result "0-1"]
[WhiteElo "2308"]
[BlackElo "2452"]
[EventDate "2017.04.11"]
[PlyCount "120"]

1.d4 Nf6 2.c4 e6 3.Nf3 b6 4.g3 Ba6 5.b3 Bb4+ 6.Bd2 Be7 7.Nc3 O-O 8.Bg2 c6 
9.e4 d5 10.exd5 cxd5 11.Ne5 Bb7 12.O-O Nc6 13.Bf4 Na5 14.Rc1 Ba3 15.Rc2 
dxc4 16.Bxb7 Nxb7 17.Qf3 cxb3 18.axb3 Na5 19.Na2 Nd5 20.Bd2 Bd6 21.Qd3 Qe7
22.Bxa5 Bxe5 23.dxe5 bxa5 24.Rfc1 Qa3 25.Qa6 h6 26.h4 Rfd8 27.Kg2 Qxb3 28.
Qxa5 Qd3 29.Qa4 Nb6 30.Qf4 Rd4 31.Qf3 Qxf3+ 32.Kxf3 Rd5 33.Rc5 Nd7 34.Rxd5
exd5 35.Kf4 Re8 36.Rc7 Nxe5 37.Rxa7 Nd3+ 38.Kf3 d4 39.Ra4 Ne1+ 40.Kg4 d3 
41.Nc3 g6 42.Rd4 Kg7 43.Kf4 Re2 44.Ne4 f5 45.Rd7+ Kf8 46.Nc5 Ke8 47.Rd6 d2
48.h5 gxh5 49.Kxf5 Rxf2+ 50.Ke4 Nf3 51.Na4 Rf1 52.Nc3 Ng5+ 53.Ke3 Rf3+ 54.
Kxd2 Rxc3 55.Rxh6 Ne4+ 56.Ke1 Nxg3 57.Rh7 Kf8 58.Kf2 Ne4+ 59.Kg2 Nf6 60.
Ra7 Re3 0-1

[Event "18th EUR-ch (w)"]
[Site "Riga LAT"]
[Date "2017.04.13"]
[Round "3.14"]
[White "Zawadzka, Jolanta"]
[Black "Antova, Gabriela"]
[Result "1-0"]
[WhiteElo "2449"]
[BlackElo "2335"]
[EventDate "2017.04.11"]
[PlyCount "123"]

1.e4 e5 2.Nf3 Nf6 3.Nxe5 d6 4.Nf3 Nxe4 5.c4 Nc6 6.d3 Nf6 7.d4 d5 8.c5 Be7 
9.Bb5 Bd7 10.O-O O-O 11.Nc3 a6 12.Ba4 b5 13.cxb6 cxb6 14.Ne5 Rc8 15.Re1 b5
16.Bb3 Be6 17.a4 b4 18.Nxc6 Rxc6 19.Ne2 a5 20.Nf4 Bf5 21.Re5 Bg4 22.f3 Be6
23.Kh1 Qd7 24.Bd2 Rfc8 25.Nxe6 Rxe6 26.Qe2 Bd6 27.Rxe6 Qxe6 28.Re1 Re8 29.
Qxe6 Rxe6 30.g4 h6 31.Re3 Bc7 32.h4 Bb6 33.g5 hxg5 34.hxg5 Nh5 35.Bxd5 
Rxe3 36.Bxe3 Ng3+ 37.Kg2 Nf5 38.Bf2 Kf8 39.Be4 Nxd4 40.f4 g6 41.Bd5 Ke7 
42.Bc4 Bc5 43.Kh3 Bb6 44.Kg4 Bc5 45.Bg1 Bb6 46.Bh2 Nf5 47.Kf3 Nd6 48.Bd5 
Bd4 49.b3 Bc5 50.Bg3 Bb6 51.Be1 Bc5 52.Bd2 f6 53.Bc1 fxg5 54.fxg5 Bb6 55.
Bb2 Bg1 56.Ke2 Bb6 57.Kd3 Nf5 58.Bf6+ Kd6 59.Bf7 Ne7 60.Kc4 Bc7 61.Kb5 Bd8
62.Bxg6 1-0

[Event "18th EUR-ch (w)"]
[Site "Riga LAT"]
[Date "2017.04.13"]
[Round "3.16"]
[White "Danielian, Elina"]
[Black "Buksa, Natalia"]
[Result "1-0"]
[WhiteElo "2437"]
[BlackElo "2314"]
[EventDate "2017.04.11"]
[PlyCount "117"]

1.Nf3 d5 2.c4 e6 3.d4 Nf6 4.Nc3 Be7 5.Bf4 O-O 6.e3 Nbd7 7.Be2 c5 8.cxd5 
Nxd5 9.Nxd5 exd5 10.O-O Qb6 11.Qc2 Nf6 12.dxc5 Bxc5 13.Rac1 Bd6 14.Bxd6 
Qxd6 15.Qc5 Qxc5 16.Rxc5 Bd7 17.Nd4 Rfc8 18.Rfc1 a6 19.f3 Rxc5 20.Rxc5 Rc8
21.Rxc8+ Bxc8 22.Kf2 Kf8 23.h4 h5 24.Kg3 Ng8 25.Kf4 f6 26.e4 Ne7 27.exd5 
Nxd5+ 28.Ke4 Nb6 29.b3 g6 30.f4 f5+ 31.Ke5 Ke7 32.Nf3 Be6 33.g3 a5 34.Kd4 
a4 35.bxa4 Nxa4 36.a3 b6 37.Ne5 Kf6 38.Bc4 Nc5 39.Bxe6 Kxe6 40.Nxg6 Ne4 
41.Kc4 Nxg3 42.Kb5 Ne2 43.Kxb6 Nc3 44.Kc5 Ne4+ 45.Kd4 Kd6 46.Ne5 Ng3 47.
Nc4+ Ke6 48.a4 Ne2+ 49.Ke3 Nc3 50.a5 Nd5+ 51.Kd4 Nb4 52.Kc5 Nd3+ 53.Kc6 
Nb4+ 54.Kb5 Nd5 55.a6 Nc7+ 56.Kb6 Nxa6 57.Kxa6 Kd5 58.Ne5 Ke4 59.Ng6 1-0

[Event "18th EUR-ch (w)"]
[Site "Riga LAT"]
[Date "2017.04.13"]
[Round "3.17"]
[White "Gvetadze, Sopio"]
[Black "Melia, Salome"]
[Result "1/2-1/2"]
[WhiteElo "2292"]
[BlackElo "2400"]
[EventDate "2017.04.11"]
[PlyCount "52"]

1.e4 c5 2.Nf3 d6 3.d4 cxd4 4.Nxd4 Nf6 5.f3 Nc6 6.c4 Qb6 7.Nc2 g6 8.Nc3 Bg7
9.Rb1 Ng4 10.Qd2 Nge5 11.Nd5 Qd8 12.Be2 f5 13.f4 Nf7 14.Bf3 O-O 15.O-O 
fxe4 16.Bxe4 e6 17.Nde3 Qb6 18.Kh1 a5 19.b3 Nb4 20.a3 Na6 21.b4 axb4 22.
axb4 Nc5 23.Bf3 Na4 24.Rb3 Bd7 25.Rd3 Bc6 26.Nd4 Bxf3 1/2-1/2

[Event "18th EUR-ch (w)"]
[Site "Riga LAT"]
[Date "2017.04.13"]
[Round "3.25"]
[White "Arabidze, Meri"]
[Black "Sazonova, Anastasia"]
[Result "1-0"]
[WhiteElo "2373"]
[BlackElo "2143"]
[EventDate "2017.04.11"]
[PlyCount "181"]

1.d4 d5 2.c4 c6 3.cxd5 cxd5 4.Nc3 Nf6 5.Bf4 Nc6 6.Nf3 a6 7.Rc1 Nh5 8.Bd2 
Nf6 9.h3 e6 10.Bf4 Bd6 11.Bxd6 Qxd6 12.e3 O-O 13.Bd3 Bd7 14.O-O Rac8 15.
Qe2 b5 16.a3 Na5 17.Ne5 Nc4 18.f4 Ne8 19.a4 b4 20.Nb1 Bxa4 21.Nxc4 dxc4 
22.Bxc4 Nc7 23.Nd2 Bb5 24.Ne4 Qb6 25.Bxb5 Nxb5 26.Nc5 Rfd8 27.Kh2 h6 28.
Ra1 a5 29.Rfc1 Ra8 30.Qf3 Nd6 31.Ra4 Qb5 32.Rca1 Rdc8 33.Kg1 Qb6 34.Qe2 
Ra7 35.Qd3 Rd8 36.Nb3 Rda8 37.Nc5 Rd8 38.Nb3 Rda8 39.Kf1 Nb7 40.Rc1 Nd6 
41.Kg1 Rc7 42.Rxc7 Qxc7 43.Nc5 Nb7 44.Qe4 Ra7 45.Qe5 Nd6 46.b3 Nb5 47.Qxc7
Nxc7 48.Kf2 Nb5 49.Ke1 Kf8 50.Kd2 Ke7 51.Ra1 Na3 52.Kd3 Rc7 53.Rf1 f5 54.
g4 g6 55.Rg1 Kf6 56.h4 fxg4 57.Rxg4 Nb5 58.Rg1 Nd6 59.Ra1 Nb7 60.Nxb7 Rxb7
61.Rxa5 Rc7 62.Rc5 Ra7 63.Rb5 Ra2 64.h5 g5 65.fxg5+ hxg5 66.Rxb4 Rh2 67.
Rb8 Rxh5 68.b4 g4 69.Rg8 Kf5 70.b5 Rh1 71.Kc4 Rc1+ 72.Kb4 Ke4 73.Rxg4+ 
Kxe3 74.b6 Kf3 75.Rh4 Ke3 76.Kb5 Rb1+ 77.Kc6 Rc1+ 78.Kd7 Rb1 79.Kc7 Rc1+ 
80.Kb8 Kd3 81.b7 Rb1 82.Kc7 Rc1+ 83.Kd7 Rb1 84.Kc7 Rc1+ 85.Kd6 Rb1 86.Kxe6
Kc4 87.d5+ Kc5 88.Rh7 Rb6+ 89.Ke5 Kb5 90.Rc7 Ka6 91.Rc6 1-0

[Event "18th EUR-ch (w)"]
[Site "Riga LAT"]
[Date "2017.04.13"]
[Round "3.27"]
[White "Socko, Monika"]
[Black "Mamedyarova, Turkan"]
[Result "1-0"]
[WhiteElo "2462"]
[BlackElo "2267"]
[EventDate "2017.04.11"]
[PlyCount "125"]

1.e4 e5 2.Nf3 Nc6 3.d4 exd4 4.Bc4 d6 5.Nxd4 Nxd4 6.Qxd4 Nf6 7.Nc3 Be7 8.
O-O O-O 9.h3 Be6 10.Be3 Qd7 11.Rad1 a6 12.a4 Rfb8 13.Be2 b5 14.axb5 axb5 
15.b4 Ra3 16.Ra1 Rxa1 17.Rxa1 c5 18.bxc5 b4 19.cxd6 Qxd6 20.Qxd6 Bxd6 21.
Nb5 Be5 22.Bd4 Bxd4 23.Nxd4 Nxe4 24.Nc6 Rf8 25.Nxb4 g6 26.Nc6 Nc3 27.Bf3 
Kg7 28.Ra3 Nb1 29.Ra7 Nd2 30.Be2 Re8 31.Nd4 Bc4 32.Bxc4 Re1+ 33.Kh2 Nxc4 
34.Rc7 Nd2 35.g3 Rd1 36.Kg2 Ne4 37.Nf3 Kf6 38.Rc4 Nd6 39.Rf4+ Ke7 40.Rd4 
Rc1 41.Rd2 h5 42.h4 Nc4 43.Re2+ Kf6 44.Nd4 Na3 45.Kf3 Rd1 46.Ke4 Nc4 47.c3
Ne5 48.Kd5 Ra1 49.Nb3 Rd1+ 50.Rd2 Rf1 51.c4 Ng4 52.Nc5 Ke7 53.Nd3 f6 54.
Kc6 g5 55.c5 gxh4 56.gxh4 f5 57.Kb7 Rb1+ 58.Kc8 Nf6 59.Re2+ Kf8 60.Re5 f4 
61.Nxf4 Rb4 62.Rf5 Ke7 63.Rxf6 1-0

[Event "18th EUR-ch (w)"]
[Site "Riga LAT"]
[Date "2017.04.13"]
[Round "3.29"]
[White "Cramling, Pia"]
[Black "Zaksaite, Salomeja"]
[Result "1/2-1/2"]
[WhiteElo "2452"]
[BlackElo "2262"]
[EventDate "2017.04.11"]
[PlyCount "139"]

1.d4 Nf6 2.c4 g6 3.Nc3 d5 4.cxd5 Nxd5 5.e4 Nxc3 6.bxc3 Bg7 7.Qa4+ Qd7 8.
Qb3 O-O 9.Nf3 c5 10.d5 e6 11.Be3 exd5 12.exd5 b6 13.Bb5 Qd6 14.O-O a6 15.
Be2 b5 16.a4 c4 17.Qb2 Nd7 18.axb5 Rb8 19.Nd4 axb5 20.Nc6 Rb7 21.Rfd1 Nc5 
22.Qb4 Ne4 23.Qxd6 Nxd6 24.Bc5 Rd7 25.Ra7 Re8 26.Bf3 Bb7 27.Nd4 Ne4 28.Re1
f5 29.Bxe4 Rxe4 30.Rxe4 fxe4 31.Kf1 Bxd4 32.Bxd4 b4 33.cxb4 Rxd5 34.Bf6 
Rd7 35.Ke2 Kf7 36.Bd4 Ke6 37.Ke3 Rc7 38.Kd2 Rd7 39.Kc3 e3 40.fxe3 Bxg2 41.
Rxd7 Kxd7 42.Kxc4 g5 43.Bf6 g4 44.Kc5 h5 45.Bh4 Bf3 46.Kd4 Kc6 47.Ke5 Kb5 
48.Be1 Kc4 49.Kf4 Kd3 50.Bh4 Kc4 51.Be7 Kd5 52.b5 Ke6 53.Bh4 Kd5 54.Be7 
Ke6 55.Bd8 Kd5 56.Kg3 Ke4 57.Bg5 Kf5 58.Bf4 Bd5 59.Bd6 Bb7 60.Be7 Bd5 61.
Kf2 Ke4 62.b6 Kd3 63.Bg5 Ke4 64.Ke2 Bb7 65.Kd2 Bc8 66.Kc3 Kd5 67.Bd8 Kc6 
68.Kd4 h4 69.Bxh4 Kxb6 70.e4 1/2-1/2

[Event "18th EUR-ch (w)"]
[Site "Riga LAT"]
[Date "2017.04.13"]
[Round "3.31"]
[White "Daulyte, Deimante"]
[Black "Sandu, Mihaela"]
[Result "0-1"]
[WhiteElo "2443"]
[BlackElo "2261"]
[EventDate "2017.04.11"]
[PlyCount "164"]

1.e4 c5 2.Nf3 e6 3.d4 cxd4 4.Nxd4 a6 5.c4 Nf6 6.Nc3 Qc7 7.a3 b6 8.Be2 Bb7 
9.f3 Be7 10.Be3 d6 11.O-O O-O 12.Qd2 Nbd7 13.Rfc1 Rfc8 14.a4 Rab8 15.Bf1 
Qd8 16.Qf2 h5 17.Rd1 h4 18.Nb3 Qc7 19.Rac1 Re8 20.Bg5 h3 21.g3 Ng4 22.Qd2 
Nge5 23.Be2 Bxg5 24.Qxg5 Qxc4 25.Nd4 Qb4 26.Qd2 Rbc8 27.b3 Nc6 28.Nc2 Qc5+
29.Ne3 Qb4 30.Nc2 Qa5 31.Qxd6 Nc5 32.Ne3 Red8 33.Qf4 Rxd1+ 34.Nexd1 Nxb3 
35.Rb1 Qc5+ 36.Qe3 Nbd4 37.Kf2 Nb4 38.Kf1 Nbc2 39.Qd3 Nxe2 40.Nxe2 Na3 41.
Rc1 Nc4 42.Qd7 Ba8 43.Nb2 b5 44.axb5 axb5 45.Nd3 Qc6 46.Qxc6 Bxc6 47.Kf2 
Rd8 48.Rc3 f5 49.exf5 exf5 50.Nef4 Ra8 51.Nb4 Bb7 52.Nxh3 Ra4 53.Rb3 Nd2 
54.Rb2 Nc4 55.Rb3 Ne5 56.Nf4 Nxf3 57.Nfd5 Bxd5 58.Nxd5 Nd4 59.Rb2 Rc4 60.
Ke3 Nc2+ 61.Kd3 Rd4+ 62.Kxc2 Rxd5 63.Kc3 Kf7 64.Re2 Kf6 65.Kb4 g5 66.Rf2 
Ke5 67.h4 gxh4 68.gxh4 Rd4+ 69.Kxb5 Rxh4 70.Kc5 Ke4 71.Rf1 f4 72.Kc4 Ke3 
73.Re1+ Kf3 74.Kd3 Rh8 75.Rf1+ Kg3 76.Rg1+ Kf2 77.Rg7 Re8 78.Rd7 f3 79.Kd2
Kg2 80.Rg7+ Kf1 81.Rg6 f2 82.Ra6 Rg8 0-1

[Event "18th EUR-ch (w)"]
[Site "Riga LAT"]
[Date "2017.04.13"]
[Round "3.34"]
[White "Skripchenko, Almira"]
[Black "Ivanenko, Olga"]
[Result "1/2-1/2"]
[WhiteElo "2420"]
[BlackElo "2252"]
[EventDate "2017.04.11"]
[PlyCount "103"]

1.e4 c5 2.Nc3 a6 3.g3 b5 4.Bg2 Bb7 5.d3 e6 6.Nh3 Nf6 7.O-O d5 8.e5 Nfd7 9.
f4 Be7 10.f5 Nxe5 11.fxe6 fxe6 12.Qh5+ Ng6 13.Ng5 Bxg5 14.Bxg5 Qd6 15.Rae1
Nd7 16.a3 e5 17.Rf5 Rf8 18.Rxf8+ Nxf8 19.Bf4 O-O-O 20.Bxe5 Nxe5 21.Qxe5 
Qxe5 22.Rxe5 Ng6 23.Rh5 Re8 24.Bxd5 Re1+ 25.Kf2 Rc1 26.Bb3 c4 27.dxc4 bxc4
28.Rc5+ Kd7 29.Rxc4 Rh1 30.h4 Rh2+ 31.Ke3 Rg2 32.Rg4 Kd6 33.h5 Ne7 34.Ne4+
Ke5 35.Kd3 Nf5 36.Bc4 h6 37.b4 Rg1 38.c3 Re1 39.Nf2 Re3+ 40.Kd2 Rxg3 41.
Nd3+ Kd6 42.Rf4 Rg2+ 43.Kc1 Ne3 44.Rd4+ Kc7 45.Nc5 Rc2+ 46.Kb1 Rxc3 47.
Rd7+ Kc6 48.Rxb7 Nxc4 49.Rxg7 Nxa3+ 50.Kb2 Rh3 51.Rg6+ Kb5 52.Rxh6 1/2-1/2

[Event "18th EUR-ch (w)"]
[Site "Riga LAT"]
[Date "2017.04.13"]
[Round "3.39"]
[White "Gevorgian, Maria"]
[Black "Ziaziulkina, Nastassia"]
[Result "1/2-1/2"]
[WhiteElo "2227"]
[BlackElo "2387"]
[EventDate "2017.04.11"]
[PlyCount "123"]

1.e4 c5 2.Nf3 d6 3.d4 cxd4 4.Nxd4 Nf6 5.Nc3 a6 6.Be2 e6 7.O-O Be7 8.f4 O-O
9.Kh1 Qc7 10.a4 b6 11.Be3 Bb7 12.Bf3 Nbd7 13.Qe1 Rad8 14.Rd1 Nc5 15.Bc1 
Qb8 16.b4 Ncd7 17.f5 e5 18.Nb3 Qc8 19.g4 d5 20.Nxd5 Nxd5 21.exd5 Qxc2 22.
d6 Bh4 23.Qd2 Bxf3+ 24.Rxf3 Qe4 25.Qg2 Be1 26.f6 Nxf6 27.Rxf6 Qxg2+ 28.
Kxg2 gxf6 29.Rxe1 Rxd6 30.Nd2 Rc8 31.Ne4 Rc2+ 32.Kh1 Rdc6 33.Be3 Rb2 34.
Rd1 Kf8 35.Ng3 Rcc2 36.Nf5 Rxh2+ 37.Kg1 Rbg2+ 38.Kf1 Rh1+ 39.Kxg2 Rxd1 40.
Bxb6 Ke8 41.b5 axb5 42.axb5 Kd7 43.Be3 Ke6 44.b6 Rb1 45.Kf3 Rb4 46.Ng3 Kd5
47.Nh5 Ke6 48.Ng7+ Kd7 49.Nf5 Ke6 50.Nh6 Ra4 51.Ke2 Kd5 52.Kd3 Ra3+ 53.Kd2
Ke6 54.Nf5 Ra4 55.Nh6 Ra3 56.Bc5 Ra5 57.Bg1 Ra1 58.Kc2 Kd7 59.Be3 Ra3 60.
Bc1 Ra6 61.Be3 Ra3 62.Kd2 1/2-1/2

[Event "18th EUR-ch (w)"]
[Site "Riga LAT"]
[Date "2017.04.13"]
[Round "3.52"]
[White "Makka, Ioulia"]
[Black "Golubenko, Valentina"]
[Result "1/2-1/2"]
[WhiteElo "2069"]
[BlackElo "2271"]
[EventDate "2017.04.11"]
[PlyCount "180"]

1.e4 e6 2.d4 d5 3.Nc3 Nf6 4.e5 Nfd7 5.f4 c5 6.Nf3 Nc6 7.Be3 a6 8.Qd2 b5 9.
Nd1 cxd4 10.Nxd4 Nxd4 11.Bxd4 Bb7 12.Nf2 Be7 13.Be2 O-O 14.Bg4 Bc5 15.c3 
Qe7 16.O-O a5 17.Rae1 g6 18.Nd3 Bxd4+ 19.cxd4 Rfc8 20.Re3 Rc4 21.Ne1 Qb4 
22.Rd3 Qxd2 23.Rxd2 Rac8 24.Be2 Rc1 25.Bxb5 Nb6 26.b3 Bc6 27.Be2 Bd7 28.
Nd3 R8c2 29.Nxc1 Rxd2 30.Rd1 Rb2 31.Kf1 Nc8 32.Ke1 a4 33.Rd2 a3 34.Nd3 
Rb1+ 35.Rd1 Rxd1+ 36.Kxd1 Na7 37.Nb4 Bb5 38.Bxb5 Nxb5 39.Nc2 Kg7 40.Kd2 g5
41.fxg5 Kg6 42.Kd3 Kxg5 43.b4 f6 44.exf6 Kxf6 45.Ne3 Ke7 46.Ng4 Kf7 47.
Ne5+ Kf6 48.Nd7+ Ke7 49.Nb6 Kd6 50.Na4 Kc6 51.Nc3 Nd6 52.g4 Nc4 53.g5 e5 
54.b5+ Kd6 55.dxe5+ Nxe5+ 56.Ke2 Kc5 57.b6 Kc4 58.b7 Nc6 59.Nb1 Kc5 60.
Nxa3 Kb6 61.h4 Kxb7 62.Nc2 Ne7 63.Nd4 Ng6 64.Nf3 Kc6 65.Ke3 Kc5 66.h5 Ne7 
67.Kd3 Nf5 68.Ne5 Ng7 69.Nd7+ Kd6 70.Nf6 Ne6 71.Nxh7 Nf4+ 72.Kd4 Nxh5 73.
a4 Ng7 74.g6 Ne6+ 75.Kc3 Kc5 76.Nf6 d4+ 77.Kb3 Kd6 78.Nh5 Ke7 79.g7 Kf7 
80.a5 d3 81.Kc3 Nc5 82.Kb2 Na4+ 83.Kb3 d2 84.Kc2 Nb2 85.Kxd2 Nc4+ 86.Kd3 
Nxa5 87.Ke4 Nc6 88.Kf5 Nd4+ 89.Kg5 Ne6+ 90.Kf5 Nxg7+ 1/2-1/2

[Event "18th EUR-ch (w)"]
[Site "Riga LAT"]
[Date "2017.04.13"]
[Round "3.55"]
[White "Olde, Margareth"]
[Black "Bulmaga, Irina"]
[Result "0-1"]
[WhiteElo "2110"]
[BlackElo "2394"]
[EventDate "2017.04.11"]
[PlyCount "130"]

1.d4 Nf6 2.c4 g6 3.Nf3 Bg7 4.g3 d6 5.Bg2 O-O 6.O-O Nbd7 7.Nc3 e5 8.e4 exd4
9.Nxd4 Re8 10.Re1 Nc5 11.h3 Bd7 12.b3 a5 13.Rb1 h6 14.Kh2 h5 15.Ba3 h4 16.
Qd2 Nh5 17.Nde2 hxg3+ 18.fxg3 Bc6 19.Bxc5 dxc5 20.Nd5 Qd6 21.Bf3 Nf6 22.
Nec3 Nd7 23.Rbd1 Be5 24.Qg2 Qf8 25.Bg4 Qg7 26.Nb5 Bxb5 27.cxb5 Nf8 28.b6 
cxb6 29.Nxb6 Rad8 30.Nd7 Bc3 31.Rf1 Nxd7 32.Bxd7 Re7 33.Bb5 Rd4 34.Bc4 a4 
35.Bd5 Rxd1 36.Rxd1 a3 37.Qe2 Bb4 38.Rf1 Qb2 39.Rf2 Qxe2 40.Rxe2 Bc3 41.
Kg2 Kg7 42.Kf3 b5 43.Rc2 b4 44.g4 Rc7 45.Bc4 Rd7 46.Bd5 c4 47.Ke2 cxb3 48.
Bxb3 Kf6 49.Rc1 Rd2+ 50.Ke3 Rb2 51.Rc2 Rb1 52.Bc4 Ke5 53.Bxf7 Rh1 54.Kd3 
Rxh3+ 55.Kc4 g5 56.Rf2 Kxe4 57.Bd5+ Ke3 58.Rf5 Ke2 59.Be6 Re3 60.Bc8 Bd2 
61.Bd7 b3 62.axb3 a2 63.Bb5 a1=Q 64.Kc5+ Kd1 65.Rf1+ Be1 0-1

[Event "18th EUR-ch (w)"]
[Site "Riga LAT"]
[Date "2017.04.13"]
[Round "3.57"]
[White "Toma, Katarzyna"]
[Black "Ozbay, Ece"]
[Result "1-0"]
[WhiteElo "2229"]
[BlackElo "2035"]
[EventDate "2017.04.11"]
[PlyCount "173"]

1.e4 c5 2.Nc3 Nc6 3.Bb5 Nd4 4.Bc4 g6 5.Nf3 Bg7 6.Nxd4 cxd4 7.Qf3 Nh6 8.Ne2
O-O 9.c3 Qc7 10.Bb3 dxc3 11.dxc3 d6 12.h3 Be6 13.Bxe6 fxe6 14.Qd3 e5 15.
Be3 e6 16.Rd1 Rad8 17.c4 Qa5+ 18.Qd2 Qxd2+ 19.Rxd2 Nf7 20.O-O Rc8 21.b3 a6
22.a4 Rc6 23.Rfd1 b6 24.Nc3 Rd8 25.Na2 a5 26.Nc3 Rd7 27.Nb5 Kf8 28.g4 g5 
29.Kg2 h6 30.Rd3 Ke7 31.Bc1 Bf8 32.Kg3 Kf6 33.h4 Kg6 34.hxg5 hxg5 35.Kg2 
Bh6 36.Rh1 Rd8 37.Ba3 Rd7 38.Nc3 Nd8 39.Rdh3 Nf7 40.Bc1 Rd8 41.Be3 Rd7 42.
Rh5 Rd8 43.R1h3 Rd7 44.Rf3 Re7 45.Ne2 Rb7 46.Ng3 Nd8 47.Rxh6+ Kxh6 48.Rf6+
Kh7 49.Bxg5 Rc8 50.Rf8 Rbb8 51.Nh5 Kg6 52.Rg8+ Kf7 53.Rg7+ Ke8 54.Nf6+ Kf8
55.Bh6 Nf7 56.Nd7+ Ke8 57.Nxb8 Nxh6 58.g5 Rxb8 59.gxh6 Kf8 60.Kg3 Re8 61.
Kg4 d5 62.cxd5 exd5 63.exd5 Rd8 64.Rg6 Kf7 65.Kf5 Rxd5 66.h7 e4+ 67.Kxe4 
Rh5 68.Rxb6 Kg7 69.Rb5 Rh4+ 70.Ke3 Kxh7 71.Rxa5 Rh3+ 72.f3 Rh1 73.Rb5 Ra1 
74.a5 Kg7 75.b4 Kf7 76.Rb6 Ke7 77.a6 Kd7 78.Rb7+ Kc8 79.b5 Ra4 80.f4 Ra5 
81.f5 Ra1 82.f6 Re1+ 83.Kd4 Rd1+ 84.Kc5 Rc1+ 85.Kb6 Rf1 86.Rc7+ Kd8 87.Rc6
1-0

[Event "18th EUR-ch (w)"]
[Site "Riga LAT"]
[Date "2017.04.13"]
[Round "3.61"]
[White "Harlinska, Sandra"]
[Black "Osmanodja, Filiz"]
[Result "0-1"]
[WhiteElo "1881"]
[BlackElo "2370"]
[EventDate "2017.04.11"]
[PlyCount "89"]

1.e4 e5 2.Nf3 Nc6 3.Bb5 a6 4.Ba4 Nf6 5.O-O b5 6.Bb3 Be7 7.Re1 d6 8.c3 O-O 
9.h3 Nb8 10.d4 Nbd7 11.a4 Bb7 12.Nbd2 g6 13.Bc2 Re8 14.Nf1 Bf8 15.Ng3 Bg7 
16.b4 Qb8 17.Bd2 Nb6 18.dxe5 dxe5 19.Qe2 Nxa4 20.Bxa4 bxa4 21.Rxa4 Qc8 22.
Ra5 Nd7 23.Be3 Nb6 24.c4 Qe6 25.c5 Nd7 26.Rd1 Rad8 27.Qc2 Nb8 28.Bg5 Rxd1+
29.Qxd1 Nc6 30.Ra4 h6 31.Be3 Rd8 32.Qc2 Nd4 33.Bxd4 exd4 34.Qd3 Re8 35.Nd2
f5 36.f3 h5 37.Ra1 h4 38.Ne2 fxe4 39.Nxe4 Bxe4 40.fxe4 Qxe4 41.Qxa6 d3 42.
Qa2+ Kh7 43.Re1 Qe3+ 44.Kh1 dxe2 45.Qc4 0-1